[Event "Nakhchivan IM"]
[Site "Nakhchivan"]
[Date "2022.11.21"]
[Round "10.3"]
[White "Zarinfam, Arsalan"]
[Black "Sevdimaliyev, Urfan"]
[Result "1/2-1/2"]
[WhiteElo "2160"]
[BlackElo "2210"]
[PlyCount "38"]
[EventDate "2022.11.17"]
[EventType "schev"]
[EventRounds "10"]
[EventCountry "AZE"]
[SourceTitle "CBM 211 Extra"]
[Source "ChessBase"]
[SourceDate "2023.01.31"]
[SourceVersion "1"]
[SourceVersionDate "2023.01.31"]
[SourceQuality "1"]
[WhiteTeam "Challengers"]
[BlackTeam "Experts"]
[WhiteTeamCountry "IRI"]
[BlackTeamCountry "AZE"]

1. e4 e5 2. Nf3 Nc6 3. Bb5 a6 4. Ba4 Nf6 5. 0-0 b5 6. Bb3 Be7 7. Re1 0-0 8. h3 d6 9. c3 Na5 10. Bc2 c5 11. d4 Qc7 12. Nbd2 Bb7 13. d5 Bc8 14. Nf1 Bb7 15. N3d2 Bc8 16. Nf3 Bb7 17. N3d2 Bc8 18. Nf3 Bb7 19. N3d2 Bc8 1/2-1/2

[Event "Nakhchivan IM"]
[Site "Nakhchivan"]
[Date "2022.11.19"]
[Round "6.2"]
[White "Zarinfam, Arsalan"]
[Black "Hasanzade, Toghrul Qasim Oglu"]
[Result "1-0"]
[WhiteElo "2160"]
[BlackElo "2317"]
[PlyCount "65"]
[EventDate "2022.11.17"]
[EventType "schev"]
[EventRounds "10"]
[EventCountry "AZE"]
[SourceTitle "CBM 211 Extra"]
[Source "ChessBase"]
[SourceDate "2023.01.31"]
[SourceVersion "1"]
[SourceVersionDate "2023.01.31"]
[SourceQuality "1"]
[WhiteTeam "Challengers"]
[BlackTeam "Experts"]
[WhiteTeamCountry "IRI"]
[BlackTeamCountry "AZE"]

1. e4 c6 2. d4 g6 3. Nc3 Bg7 4. Nf3 d5 5. h3 dxe4 6. Nxe4 Nf6 7. Nc3 0-0 8. Bf4 Nd5 9. Be5 Nxc3 10. bxc3 f6 11. Bc4+ Kh8 12. Bh2 b5 13. Be2 Be6 14. 0-0 Nd7 15. a4 a6 16. Re1 Bg8 17. a5 e5 18. Bd3 Qe7 19. Qe2 Rae8 20. c4 Qb4 21. cxb5 cxb5 22. dxe5 fxe5 23. Qe4 Qc3 24. Rad1 Nc5 25. Qg4 e4 26. Bxe4 Nxe4 27. Rxe4 Qxc2 28. Rxe8 Rxe8 29. Qd7 b4 30. Bf4 b3 31. Rc1 Qe4 32. Rc7 Ba1 33. Bh6 1-0

[Event "Nakhchivan IM"]
[Site "Nakhchivan"]
[Date "2022.11.18"]
[Round "4.4"]
[White "Zarinfam, Arsalan"]
[Black "Gasimov, Parviz"]
[Result "0-1"]
[WhiteElo "2160"]
[BlackElo "2326"]
[PlyCount "50"]
[EventDate "2022.11.17"]
[EventType "schev"]
[EventRounds "10"]
[EventCountry "AZE"]
[SourceTitle "CBM 211 Extra"]
[Source "ChessBase"]
[SourceDate "2023.01.31"]
[SourceVersion "1"]
[SourceVersionDate "2023.01.31"]
[SourceQuality "1"]
[WhiteTeam "Challengers"]
[BlackTeam "Experts"]
[WhiteTeamCountry "IRI"]
[BlackTeamCountry "AZE"]

1. e4 c5 2. Nf3 Nc6 3. d4 cxd4 4. Nxd4 e5 5. Nb5 d6 6. N1c3 a6 7. Na3 Be6 8. Nd5 Nf6 9. Nxf6+ Qxf6 10. Be3 Qg6 11. f3 Rd8 12. c4 Be7 13. Qd2 d5 14. Qc2 dxe4 15. c5 Bf5 16. Qa4 exf3 17. gxf3 e4 18. Rd1 0-0 19. Rd2 Ne5 20. Kd1 Nxf3 21. Rxd8 Rxd8+ 22. Kc1 Bg5 23. Qb3 Rd3 24. Bxd3 Bxe3+ 25. Kd1 Qg2 0-1

[Event "Yerevan op 1st"]
[Site "Yerevan"]
[Date "2016.10.03"]
[Round "2"]
[White "Zarinfam, Arsalan"]
[Black "Hovhannisyan, Mane"]
[Result "1/2-1/2"]
[WhiteElo "2258"]
[BlackElo "1605"]
[PlyCount "152"]
[EventDate "2016.10.02"]
[EventType "swiss"]
[EventRounds "9"]
[EventCountry "ARM"]
[SourceTitle "EXT 2017"]
[Source "ChessBase"]
[SourceDate "2016.10.25"]
[SourceVersion "1"]
[SourceVersionDate "2016.10.25"]
[SourceQuality "1"]

1. e4 c6 2. d4 d5 3. exd5 cxd5 4. c4 Nf6 5. Nc3 e6 6. Nf3 Be7 7. cxd5 Nxd5 8. Bd3 Nc6 9. 0-0 0-0 10. Re1 Bf6 11. Be4 Nce7 12. Qd3 g6 13. Bh6 Re8 14. Rac1 b6 15. h4 Bb7 16. h5 Rc8 17. Qd2 Nf5 18. Bf4 Nd6 19. Bxd5 exd5 20. Rxe8+ Nxe8 21. Be5 Nd6 22. Qf4 Bxe5 23. Nxe5 Qe7 24. Rd1 Nf5 25. g4 Ng7 26. hxg6 fxg6 27. Rd3 Ne6 28. Qh6 Qg7 29. Qxg7+ Kxg7 30. Kh2 Rf8 31. Kg3 Rf4 32. Rf3 g5 33. Ne2 Rxf3+ 34. Kxf3 Kf6 35. Ke3 h6 36. Nc3 Nc7 37. Ne2 Bc8 38. Ng3 Ne8 39. Nh5+ Ke6 40. f3 a6 41. Ng3 Nd6 42. b3 Kf6 43. Ne2 Nf7 44. Nxf7 Kxf7 45. Nc3 Ke6 46. Na4 b5 47. Nc5+ Kd6 48. b4 Ke7 49. Nd3 Be6 50. Kf2 Kf6 51. Kg3 Bc8 52. Ne5 Be6 53. Nd3 Bd7 54. Nc5 Bc8 55. a4 bxa4 56. Nxa4 Bd7 57. Nc5 Bb5 58. Kf2 Ke7 59. Ke3 Bc4 60. Na4 Ke6 61. f4 gxf4+ 62. Kxf4 Kf6 63. Nb6 Bb3 64. Nd7+ Ke7 65. Nc5 Bc4 66. Ke5 Kf7 67. Nd7 Kg6 68. Nf6 Be2 69. Nxd5 Bxg4 70. Nc7 Bc8 71. d5 h5 72. d6 h4 73. Kf4 h3 74. Kg3 Kf7 75. Nxa6 Bxa6 76. Kxh3 Ke6 1/2-1/2

[Event "Fajr op 14th"]
[Site "Tehran"]
[Date "2006.01.27"]
[Round "4"]
[White "Safarli, Eltaj"]
[Black "Zarinfam, Arsalan"]
[Result "1-0"]
[WhiteElo "2391"]
[BlackElo "2131"]
[PlyCount "51"]
[EventDate "2006.01.24"]
[EventType "swiss"]
[EventRounds "9"]
[EventCountry "IRI"]
[SourceTitle "CBM 110 Extra"]
[Source "ChessBase"]
[SourceDate "2006.03.10"]
[SourceVersion "2"]
[SourceVersionDate "2006.03.10"]
[SourceQuality "1"]

1. e4 c6 2. d4 d5 3. exd5 cxd5 4. c4 Nf6 5. Nc3 e6 6. Nf3 Bb4 7. cxd5 Nxd5 8. Bd2 Nc6 9. Bd3 0-0 10. 0-0 Be7 11. Re1 Bf6 12. Nxd5 exd5 13. Ne5 g6 14. Nxc6 bxc6 15. Bb4 Re8 16. Rxe8+ Qxe8 17. Bc5 Bd7 18. Qd2 Qe6 19. h3 Qe8 20. a4 Qc8 21. Qf4 Kg7 22. a5 a6 23. b4 Qb7 24. Re1 Re8 25. Rxe8 Bxe8 26. Qd6 1-0

[Event "Fajr op 14th"]
[Site "Tehran"]
[Date "2006.01.25"]
[Round "2"]
[White "Zarinfam, Arsalan"]
[Black "Toufighi, Homayoon"]
[Result "1-0"]
[WhiteElo "2131"]
[BlackElo "2335"]
[PlyCount "107"]
[EventDate "2006.01.24"]
[EventType "swiss"]
[EventRounds "9"]
[EventCountry "IRI"]
[SourceTitle "CBM 110 Extra"]
[Source "ChessBase"]
[SourceDate "2006.03.10"]
[SourceVersion "2"]
[SourceVersionDate "2006.03.10"]
[SourceQuality "1"]

1. d4 e6 2. c4 d5 3. cxd5 exd5 4. Nc3 c6 5. Nf3 Bd6 6. Qc2 Ne7 7. Bg5 f6 8. Bh4 Bf5 9. Qd2 0-0 10. e3 Qe8 11. Bg3 Bb4 12. Bd3 Nd7 13. a3 Bxc3 14. Qxc3 Nb6 15. 0-0 Qd7 16. Nd2 Bxd3 17. Qxd3 Nf5 18. b4 Rfe8 19. a4 h5 20. a5 Nc8 21. Nf3 Re4 22. Nd2 Re8 23. Nf3 Nce7 24. Rae1 Ng6 25. h3 Re7 26. Bh2 Rae8 27. a6 b5 28. Rc1 Ngh4 29. Nxh4 Nxh4 30. Rc3 Re4 31. Rfc1 Qf5 32. Qf1 g5 33. Bg3 Ng6 34. Rxc6 h4 35. Bh2 g4 36. Rc7 Qg5 37. Rxa7 gxh3 38. Rcc7 Ne7 39. Bf4 Qg6 40. Kh2 Kf7 41. gxh3 Qf5 42. Bd6 Rxe3 43. Rxe7+ R8xe7 44. Rxe7+ Rxe7 45. Bxe7 Kxe7 46. a7 Qf4+ 47. Kg2 Qe4+ 48. Kg1 Qg6+ 49. Kh2 Qg8 50. Qxb5 Qg5 51. Qb7+ Ke6 52. Qc8+ Ke7 53. Qc7+ Ke6 54. a8Q 1-0

[Event "Lahijan op 4th"]
[Site "Lahijan"]
[Date "2005.08.28"]
[Round "2"]
[White "Zarinfam, Arsalan"]
[Black "Ibrahimov, Rasul"]
[Result "0-1"]
[WhiteElo "2136"]
[BlackElo "2525"]
[PlyCount "90"]
[EventDate "2005.08.24"]
[EventType "swiss"]
[EventRounds "10"]
[EventCountry "IRI"]
[SourceTitle "CBM 108 Extra"]
[Source "ChessBase"]
[SourceDate "2005.11.04"]
[SourceVersion "1"]
[SourceVersionDate "2005.11.04"]
[SourceQuality "1"]

1. e4 c5 2. Nf3 d6 3. Bb5+ Nd7 4. d4 Ngf6 5. Nc3 a6 6. Bxd7+ Nxd7 7. dxc5 Nxc5 8. e5 e6 9. 0-0 dxe5 10. Qxd8+ Kxd8 11. Nxe5 Ke8 12. a4 f6 13. Nc4 Rb8 14. a5 e5 15. f4 Be6 16. Nb6 exf4 17. Bxf4 Rd8 18. Rfe1 Kf7 19. Rad1 Be7 20. Ncd5 Bxd5 21. Nxd5 Ne6 22. Be3 Rc8 23. Nxe7 Kxe7 24. b4 Rhd8 25. Rxd8 Kxd8 26. Bf2 Kd7 27. Rd1+ Ke7 28. Rd2 Rc4 29. Bg3 Rd4 30. Rd3 Rxd3 31. cxd3 Nd4 32. Kf1 Nc2 33. Bf2 Kd7 34. b5 axb5 35. Ke2 Nb4 36. h4 Nc6 37. Bb6 h5 38. Ke3 Ke6 39. Ke4 b4 40. d4 f5+ 41. Ke3 Kd5 42. Kd3 g6 43. g3 b3 44. Kc3 Nxd4 45. Bxd4 b2 0-1